Novo dicionário Aurélio da língua portuguesa / (Record no. 612)

MARC details
000 -LÍDER
Campo Fixo de Controle 00878nam a2200253 a 4500
001 - NÚMERO DE CONTROLE
Campo de Controle 612
003 - IDENTIFICAÇÃO DO NÚMERO DE CONTROLE
Campo de Controle BR-CuiBMT
005 - DATA E HORA DA ÚLTIMA ATUALIZAÇÃO
Campo de Controle 20231110201852.0
008 - DADOS FIXOS
Dados Fixos 231110s2009 prb d 000 0 por d
020 ## - INTERNATIONAL STANDARD BOOK NUMBER
Nº do ISBN 9788538528241
040 ## - AGÊNCIA CATALOGADORA
Código da Agência Catalogadora BR-CuiBMT
Agência que transcreveu o registro BR-CuiBMT
080 ## - Nº DA CLASSIFICAÇÃO DECIMAL UNIVERSAL
Nº edição CDU 2007
Nº Class. CDU 811.134.3'374.81
090 ## - NÚMERO DE CHAMADA
Complemento R
Nº classificação 811.134.3'374.81
Cutter F383n
Ano/Edição 4. ed.
100 1# - ENTRADA PRINCIPAL -- AUTOR PESSOAL
Nome pessoal Ferreira, Aurélio Buarque de Holanda
245 10 - TÍTULO PRINCIPAL
Título principal Novo dicionário Aurélio da língua portuguesa /
Indicação de responsabilidade Aurélio Buarque de Holanda Ferreira ; coordenação e edição Marina Baird Ferreira, Margarida dos Anjos.
250 ## - EDIÇÃO
Edição 4. ed.
260 ## - PUBLICAÇÃO, DISTRIBUIÇÃO, ETC.
Local de publicação Curitiba :
Editora Positivo,
Data 2009.
300 ## - DESCRIÇÃO FÍSICA
N. páginas ou volumes xxxix, 2120 p. ;
Dimensões 28 cm
500 ## - NOTAS GERAIS
Notas gerais "Conforme a nova ortografia."
650 ## - ASSUNTO TÓPICO
Cabeçalho tópico ou nome geográfico Língua portuguesa
Subdivisão geral Dicionários
700 1# - ENTRADA SECUNDÁRIA -- NOME PESSOAL
Nome pessoal Ferreira, Marina Baird
Datas associadas ao nome coord.
700 1# - ENTRADA SECUNDÁRIA -- NOME PESSOAL
Nome pessoal Anjos, Margarida dos
Datas associadas ao nome coord.
942 ## - ELEMENTOS DE ENTRADA ADICIONAIS (KOHA)
Fonte de classificação ou esquema de arquivamento Classificação Decimal Universal
Tipo de item do Koha Obras de Referência
Holdings
Estado: removido Estado: perdido Fonte de classificação ou esquema de arquivamento Estado: danificado Indisponível para empréstimo Localização permanente Localização atual Data de aquisição Total Checkouts Número de Chamada completo Código de barras Date last seen Número do exemplar Preço efetivo a partir de Tipo de item (Koha)
    Classificação Decimal Universal     Biblioteca da Escola Superior de Contas do TCE/MT Biblioteca da Escola Superior de Contas do TCE/MT 10/11/2023   R 811.134.3'374.81 F383n 4. ed. BIBTCEMT23110432 10/11/2023 Ex. 2 10/11/2023 Obras de Referência
    Classificação Decimal Universal     Biblioteca da Escola Superior de Contas do TCE/MT Biblioteca da Escola Superior de Contas do TCE/MT 10/11/2023   R 811.134.3'374.81 F383n 4. ed. BIBTCEMT23110431 10/11/2023 Ex. 1 10/11/2023 Obras de Referência

Powered by Koha